[Event "FIN-chT 2223"]
[Site "Finland"]
[Date "2023.04.01"]
[Round "10.5"]
[White "Fraser, Scott"]
[Black "Kauko, Jussi Matti"]
[Result "1/2-1/2"]
[WhiteElo "2089"]
[BlackElo "2250"]
[PlyCount "75"]
[EventDate "2022.09.24"]
[EventType "team-tourn"]
[EventRounds "11"]
[EventCountry "FIN"]
[SourceTitle "EXT 2024"]
[Source "ChessBase"]
[SourceDate "2023.10.10"]
[SourceVersion "1"]
[SourceVersionDate "2023.10.10"]
[SourceQuality "1"]
[WhiteTeam "Espoo MatSK"]
[BlackTeam "Vammala SK"]
[WhiteTeamCountry "FIN"]
[BlackTeamCountry "FIN"]

1. e4 c5 2. Nf3 e6 3. c3 Nf6 4. e5 Nd5 5. Bc4 d6 6. d4 Nc6 7. 0-0 cxd4 8. cxd4 Be7 9. Qe2 0-0 10. Nc3 Nxc3 11. bxc3 dxe5 12. dxe5 Qc7 13. Bd3 Rd8 14. Re1 b6 15. Ng5 g6 16. Bc2 Bb7 17. Qg4 Nxe5 18. Qh3 h5 19. Nxe6 Qd7 20. Bb3 Ng4 21. Nxd8 Rxd8 22. Qg3 Bd6 23. Bf4 h4 24. Qxh4 Bxf4 25. Re7 Bxh2+ 26. Kh1 Bxg2+ 27. Kxg2 Qc6+ 28. Kf1 Qh1+ 29. Ke2 Qxa1 30. Qxg4 Qb2+ 31. Kf3 Qxc3+ 32. Kg2 Qc6+ 33. Kxh2 Qd6+ 34. Kg2 Qxe7 35. Qxg6+ Kf8 36. Qh6+ Kg8 37. Qg6+ Kf8 38. Qh6+ 1/2-1/2

[Event "FIN-chT 2223"]
[Site "Finland"]
[Date "2023.01.14"]
[Round "7.4"]
[White "Suomalainen, Erkki"]
[Black "Kauko, Jussi Matti"]
[Result "0-1"]
[WhiteElo "2175"]
[BlackElo "2250"]
[PlyCount "56"]
[EventDate "2022.09.24"]
[EventType "team-tourn"]
[EventRounds "11"]
[EventCountry "FIN"]
[SourceTitle "EXT 2024"]
[Source "ChessBase"]
[SourceDate "2023.10.10"]
[SourceVersion "1"]
[SourceVersionDate "2023.10.10"]
[SourceQuality "1"]
[WhiteTeam "Raahe Li"]
[BlackTeam "Vammala SK"]
[WhiteTeamCountry "FIN"]
[BlackTeamCountry "FIN"]

1. Nf3 c5 2. c4 Nf6 3. Nc3 d5 4. cxd5 Nxd5 5. d4 Nxc3 6. bxc3 e6 7. e3 Nc6 8. Be2 Be7 9. 0-0 0-0 10. Bb2 b6 11. Qd2 Bb7 12. Rfd1 Rc8 13. Rac1 Na5 14. Ne1 cxd4 15. cxd4 Bd5 16. Rxc8 Qxc8 17. Rc1 Qd7 18. Ba1 Qa4 19. Bc3 Rc8 20. Ra1 Nc4 21. Qd3 Qc6 22. Rc1 Ba3 23. Rd1 Nxe3 24. fxe3 Qxc3 25. Qa6 Qxe3+ 26. Kf1 Rc7 27. Rd3 Qf4+ 28. Bf3 Bf8 0-1

[Event "FIN-chT 2223"]
[Site "Finland"]
[Date "2022.11.05"]
[Round "5.4"]
[White "Cattaneo, Marco"]
[Black "Kauko, Jussi Matti"]
[Result "0-1"]
[WhiteElo "2195"]
[BlackElo "2250"]
[PlyCount "67"]
[EventDate "2022.09.24"]
[EventType "team-tourn"]
[EventRounds "11"]
[EventCountry "FIN"]
[SourceTitle "EXT 2024"]
[Source "ChessBase"]
[SourceDate "2023.10.10"]
[SourceVersion "1"]
[SourceVersionDate "2023.10.10"]
[SourceQuality "1"]
[WhiteTeam "Helsinki HSK"]
[BlackTeam "Vammala SK"]
[WhiteTeamCountry "FIN"]
[BlackTeamCountry "FIN"]

1. d4 Nf6 2. Nf3 c5 3. d5 e6 4. c4 exd5 5. cxd5 d6 6. Nc3 g6 7. h3 a6 8. a4 Bg7 9. e4 0-0 10. Bd3 Re8 11. 0-0 Nh5 12. Bg5 Bf6 13. Be3 Nd7 14. Re1 Ne5 15. Be2 Nxf3+ 16. Bxf3 Ng7 17. Qd2 Bd7 18. Bf4 Be5 19. Rab1 b5 20. axb5 axb5 21. b4 c4 22. Bxe5 Rxe5 23. Ra1 Re8 24. Qf4 Qb6 25. Qf6 Reb8 26. Rxa8 Rxa8 27. e5 Qd4 28. Ne4 Ne8 29. Qe7 Ra1 30. Rf1 Rxf1+ 31. Kxf1 Qa1+ 32. Ke2 Qxe5 33. Qxd7 f5 34. Qxe8+ 0-1

[Event "EU-Cup 37th"]
[Site "Mayrhofen"]
[Date "2022.10.03"]
[Round "1.7"]
[White "Urkedal, Frode Olav Olsen"]
[Black "Kauko, Jussi Matti"]
[Result "1-0"]
[WhiteElo "2523"]
[BlackElo "2250"]
[PlyCount "83"]
[EventDate "2022.10.03"]
[EventType "team-swiss"]
[EventRounds "7"]
[EventCountry "AUT"]
[SourceTitle "CBM 210 Extra"]
[Source "ChessBase"]
[SourceDate "2022.11.30"]
[SourceVersion "1"]
[SourceVersionDate "2022.11.30"]
[SourceQuality "1"]
[WhiteTeam "Offerspill"]
[BlackTeam "Vammalan Shakkikerho"]
[WhiteTeamCountry "NOR"]
[BlackTeamCountry "FIN"]

1. d4 Nf6 2. c4 c5 3. d5 e6 4. Nc3 exd5 5. cxd5 d6 6. e4 g6 7. f4 Bg7 8. Bb5+ Nfd7 9. a4 0-0 10. Nf3 Na6 11. 0-0 Nb4 12. h3 a6 13. Bc4 Re8 14. Re1 Nb6 15. Bf1 Bd7 16. Be3 Rc8 17. Bf2 Na8 18. Qd2 Nc7 19. Bh4 f6 20. e5 Bf5 21. Rac1 g5 22. exd6 gxh4 23. dxc7 Rxc7 24. Nxh4 Bd7 25. d6 Rc6 26. Bc4+ Kh8 27. Rxe8+ Bxe8 28. Rd1 Bd7 29. f5 Rc8 30. Be6 Nc6 31. Nf3 Rb8 32. Qf2 b6 33. Ne2 Bh6 34. Qh4 Be3+ 35. Kh1 Ne5 36. Nxe5 fxe5 37. Qg3 Bh6 38. Bxd7 Qxd7 39. Qxe5+ Kg8 40. Qe6+ Qxe6 41. fxe6 Kf8 42. Ng3 1-0

[Event "FIN-chT 2022"]
[Site "Finland"]
[Date "2022.04.10"]
[Round "8.4"]
[White "Suomalainen, Erkki"]
[Black "Kauko, Jussi Matti"]
[Result "0-1"]
[WhiteElo "2182"]
[BlackElo "2256"]
[PlyCount "90"]
[EventDate "2020.09.12"]
[EventType "team-tourn"]
[EventRounds "11"]
[EventCountry "FIN"]
[SourceTitle "EXT 2023"]
[Source "ChessBase"]
[SourceDate "2022.10.05"]
[SourceVersion "1"]
[SourceVersionDate "2022.10.05"]
[SourceQuality "1"]
[WhiteTeam "Sastamala VammSK II"]
[BlackTeam "Sastamala VammSK"]
[WhiteTeamCountry "FIN"]
[BlackTeamCountry "FIN"]

1. d4 Nf6 2. c4 c5 3. Nf3 cxd4 4. Nxd4 b6 5. Nc3 Bb7 6. Qc2 g6 7. e4 Bg7 8. Qd3 0-0 9. f3 Nc6 10. Be3 Rc8 11. b3 Ne5 12. Qd2 e6 13. Rd1 d5 14. cxd5 exd5 15. Nxd5 Nxd5 16. exd5 Qxd5 17. Be2 a6 18. Qb4 Qc5 19. a3 Rfe8 20. Bf2 Qxb4+ 21. axb4 b5 22. 0-0 Bf8 23. f4 Nc6 24. Bf3 Bxb4 25. f5 Bc3 26. fxg6 hxg6 27. Ne2 b4 28. Nxc3 bxc3 29. Rc1 Na5 30. Bxb7 Nxb7 31. Bd4 c2 32. Rf2 Red8 33. Be3 Rd1+ 34. Rf1 Rxc1 35. Bxc1 Na5 36. b4 Nb3 37. Kf2 Re8 38. Bb2 f5 39. Rg1 Re4 40. Ba3 Kf7 41. h3 Rc4 42. Bc1 Rxb4 43. Ke2 Ra4 44. Kd3 Ra1 45. Kxc2 Rxc1+ 0-1

[Event "FIN-chT 1920"]
[Site "Finland"]
[Date "2019.09.14"]
[Round "1.5"]
[White "Koskinen, Henri"]
[Black "Kauko, Jussi Matti"]
[Result "1-0"]
[WhiteElo "2245"]
[BlackElo "2243"]
[PlyCount "105"]
[EventDate "2019.09.14"]
[EventType "team-tourn"]
[EventRounds "11"]
[EventCountry "FIN"]
[SourceTitle "EXT 2020"]
[Source "ChessBase"]
[SourceDate "2019.10.17"]
[SourceVersion "1"]
[SourceVersionDate "2019.10.17"]
[SourceQuality "1"]
[WhiteTeam "Vantaa EtVaS"]
[BlackTeam "Sastamala VammSK"]
[WhiteTeamCountry "FIN"]
[BlackTeamCountry "FIN"]

1. d4 Nf6 2. c4 c5 3. d5 e6 4. Nc3 exd5 5. cxd5 d6 6. e4 g6 7. Nf3 Bg7 8. Be2 0-0 9. 0-0 Bg4 10. Bf4 a6 11. a4 Re8 12. Nd2 Bxe2 13. Qxe2 Nh5 14. Be3 Nd7 15. g4 Nhf6 16. f3 Ne5 17. h3 Qc7 18. a5 b5 19. axb6 Qxb6 20. Ra2 Re7 21. Rfa1 Rea7 22. f4 Ned7 23. Nc4 Qc7 24. Na5 Re8 25. e5 dxe5 26. f5 gxf5 27. gxf5 Nb6 28. Qg2 Kh8 29. Nb3 Nc4 30. Bf2 Rb7 31. Nxc5 Rxb2 32. Rxb2 Nxb2 33. Rxa6 Nd3 34. Rc6 Qa5 35. Nxd3 e4 36. Nf4 e3 37. Be1 Nd7 38. Qa2 Qd8 39. Kh1 Qg5 40. Nce2 Ne5 41. Ra6 Qxf5 42. Ra8 Qe4+ 43. Ng2 Nd3 44. Rxe8+ Qxe8 45. Bg3 h6 46. d6 Nf2+ 47. Kh2 Qd7 48. Ng1 Bd4 49. Qd5 Bb6 50. Nxe3 Bxe3 51. Qe5+ Kg8 52. Qxe3 Nd1 53. Qd2 1-0

[Event "FIN-chT1A 1718"]
[Site "Finland"]
[Date "2017.09.16"]
[Round "1.4"]
[White "Laine, Panu"]
[Black "Kauko, Jussi Matti"]
[Result "1-0"]
[WhiteElo "2121"]
[BlackElo "2283"]
[PlyCount "87"]
[EventDate "2017.09.16"]
[EventType "team-tourn"]
[EventRounds "7"]
[EventCountry "FIN"]
[SourceTitle "EXT 2020"]
[Source "ChessBase"]
[SourceDate "2019.10.17"]
[SourceVersion "1"]
[SourceVersionDate "2019.10.17"]
[SourceQuality "1"]
[WhiteTeam "Espoo MatSK II"]
[BlackTeam "Sastamala VammSK"]
[WhiteTeamCountry "FIN"]
[BlackTeamCountry "FIN"]

1. e4 c5 2. Nf3 e6 3. c3 Nf6 4. e5 Nd5 5. d4 cxd4 6. cxd4 d6 7. Nc3 Nxc3 8. bxc3 Qc7 9. Be2 Qxc3+ 10. Bd2 Qa3 11. 0-0 d5 12. Qc2 Nc6 13. Rfb1 Qe7 14. Bb5 Bd7 15. Ba4 Nd8 16. Bg5 f6 17. exf6 gxf6 18. Bxd7+ Qxd7 19. Bxf6 Rg8 20. Ne5 Rc8 21. Qd1 Qc7 22. Rc1 Nc6 23. Qh5+ Rg6 24. Nxg6 hxg6 25. Qxg6+ Qf7 26. Qxf7+ Kxf7 27. Be5 Rd8 28. f4 Rd7 29. Rab1 Kg6 30. Rc3 Bh6 31. Kf2 Rf7 32. g3 Bf8 33. Ke3 Na5 34. Rbc1 Nc4+ 35. Rxc4 dxc4 36. Rxc4 Ba3 37. Rc7 a5 38. Rxf7 Kxf7 39. h4 b5 40. h5 a4 41. Kd3 Bb4 42. g4 Bf8 43. g5 Kg8 44. g6 1-0

[Event "FIN-chT1A 1617"]
[Site "Finland"]
[Date "2017.01.14"]
[Round "5.1"]
[White "Kauko, Jussi Matti"]
[Black "Lauk, Ular"]
[Result "0-1"]
[WhiteElo "2285"]
[BlackElo "2368"]
[PlyCount "126"]
[EventDate "2016.09.17"]
[EventType "team-tourn"]
[EventRounds "7"]
[EventCountry "FIN"]
[SourceTitle "EXT 2019"]
[Source "ChessBase"]
[SourceDate "2018.10.10"]
[SourceVersion "1"]
[SourceVersionDate "2018.10.10"]
[SourceQuality "1"]
[WhiteTeam "Sastamala VammSK"]
[BlackTeam "Loimaa SK"]
[WhiteTeamCountry "FIN"]
[BlackTeamCountry "FIN"]

1. c4 e5 2. g3 Nf6 3. Bg2 h6 4. d3 Bb4+ 5. Nd2 0-0 6. Ngf3 Re8 7. 0-0 c6 8. a3 Bf8 9. b4 d5 10. Bb2 e4 11. Ne1 Bg4 12. f3 exd3 13. Nxd3 Bf5 14. Nf4 Nbd7 15. cxd5 cxd5 16. e4 dxe4 17. Nxe4 Nxe4 18. fxe4 Bxe4 19. Bxe4 Rxe4 20. Qd5 Qb6+ 21. Rf2 Qc6 22. Qf5 Rae8 23. Raf1 Re1 24. Bd4 a6 25. Nd5 Rxf1+ 26. Rxf1 Ne5 27. Ne3 f6 28. Bxe5 Rxe5 29. Qd3 Qb6 30. Rf3 Qe6 31. Kg2 a5 32. Nc2 Rd5 33. Qc3 Qe2+ 34. Rf2 Qe4+ 35. Qf3 Qxf3+ 36. Kxf3 axb4 37. axb4 Rb5 38. Rf1 Rf5+ 39. Ke2 Rxf1 40. Kxf1 Kf7 41. Ke2 Ke6 42. Ke3 f5 43. Kd4 g5 44. b5 b6 45. Ne1 Bc5+ 46. Kc4 g4 47. Nd3 Bg1 48. h3 Be3 49. hxg4 fxg4 50. Nb4 Ke5 51. Kd3 Bf2 52. Nc6+ Kf5 53. Ne7+ Ke6 54. Nc8 Kd7 55. Na7 Bxg3 56. Ke4 Ke6 57. Nc6 h5 58. Ke3 h4 59. Ke2 h3 60. Kf1 Be5 61. Nb4 Bd4 62. Nd3 Kf5 63. Nc1 g3 0-1

[Event "FIN-chT1A 1516"]
[Site "Finland"]
[Date "2015.11.08"]
[Round "5.1"]
[White "Kauko, Jussi Matti"]
[Black "Nordlund, Jukka"]
[Result "1/2-1/2"]
[WhiteElo "2300"]
[BlackElo "2123"]
[PlyCount "117"]
[EventDate "2015.09.12"]
[EventType "team-tourn"]
[EventRounds "8"]
[EventCountry "FIN"]
[SourceTitle "EXT 2017"]
[Source "ChessBase"]
[SourceDate "2016.10.25"]
[SourceVersion "1"]
[SourceVersionDate "2016.10.25"]
[SourceQuality "1"]
[WhiteTeam "Sastamala VammSK"]
[BlackTeam "Pori PSY"]
[WhiteTeamCountry "FIN"]
[BlackTeamCountry "FIN"]

1. c4 g6 2. g3 Bg7 3. Bg2 c5 4. Nc3 Nc6 5. Nf3 d6 6. 0-0 Nh6 7. d4 cxd4 8. Bxh6 Bxh6 9. Nxd4 Nxd4 10. Qxd4 0-0 11. Rfd1 Bg7 12. Qe3 Bxc3 13. Qxc3 Qc7 14. Rac1 Be6 15. Qe3 Rfd8 16. Rd4 Qc5 17. Qd2 Rab8 18. b3 Rdc8 19. Rh4 Qe5 20. a4 Rc7 21. Rd1 a6 22. Qh6 Qg7 23. Qe3 b6 24. Bd5 Bxd5 25. Rxd5 a5 26. Re4 Qf6 27. Rb5 Rcb7 28. Kg2 Kg7 29. g4 Kf8 30. Rf4 Qg7 31. g5 Kg8 32. h4 Kf8 33. Re4 Qh8 34. h5 Qg7 35. Rh4 Ke8 36. Rd5 Kd7 37. h6 Qf8 38. Rf4 Kd8 39. Qd4 Kd7 40. Qe3 Rc7 41. Qf3 Ke8 42. e4 e6 43. Rb5 Qe7 44. Rf6 Rc5 45. Qe3 Qc7 46. Rf3 Rxb5 47. axb5 a4 48. Qc3 Qe7 49. Qh8+ Qf8 50. Qxf8+ Kxf8 51. bxa4 Rc8 52. Rc3 Ra8 53. Ra3 e5 54. f4 exf4 55. Kf3 Ke7 56. Kxf4 Ke6 57. e5 dxe5+ 58. Ke4 Rc8 59. Rc3 1/2-1/2

[Event "FIN-chT1A 1516"]
[Site "Finland"]
[Date "2015.09.13"]
[Round "2.2"]
[White "Marjusaari, Eero"]
[Black "Kauko, Jussi Matti"]
[Result "0-1"]
[WhiteElo "2068"]
[BlackElo "2300"]
[PlyCount "68"]
[EventDate "2015.09.12"]
[EventType "team-tourn"]
[EventRounds "8"]
[EventCountry "FIN"]
[SourceTitle "EXT 2017"]
[Source "ChessBase"]
[SourceDate "2016.10.25"]
[SourceVersion "1"]
[SourceVersionDate "2016.10.25"]
[SourceQuality "1"]
[WhiteTeam "Raahe Li"]
[BlackTeam "Sastamala VammSK"]
[WhiteTeamCountry "FIN"]
[BlackTeamCountry "FIN"]

1. e4 c5 2. Nc3 e6 3. f4 Nc6 4. Nf3 a6 5. g3 d6 6. Bg2 Nge7 7. 0-0 g6 8. d3 Bg7 9. Be3 Nd4 10. Bxd4 cxd4 11. Ne2 Nc6 12. a3 0-0 13. g4 d5 14. Ng3 dxe4 15. dxe4 Qb6 16. Rb1 d3+ 17. Kh1 dxc2 18. Qxc2 Bd7 19. Rfd1 Rfd8 20. e5 Rac8 21. Qe2 Na5 22. Rd6 Bc6 23. Rbd1 Rxd6 24. Rxd6 Bf8 25. Rd1 Ba4 26. Re1 Rc2 27. Qe4 Nc4 28. Nd4 Rxb2 29. f5 Nd2 30. Qf4 Bc5 31. fxe6 fxe6 32. Nxe6 Bc6 33. Qf6 Bxg2+ 34. Kxg2 Ne4+ 0-1

[Event "FIN-chT 1213"]
[Site "Finland"]
[Date "2013.03.09"]
[Round "13.5"]
[White "Kauko, Jussi Matti"]
[Black "Fraser, Scott"]
[Result "1-0"]
[WhiteElo "2268"]
[BlackElo "2132"]
[PlyCount "35"]
[EventDate "2012.09.28"]
[EventType "team-tourn"]
[EventRounds "11"]
[EventCountry "FIN"]
[SourceTitle "EXT 2014"]
[Source "ChessBase"]
[SourceDate "2013.11.20"]
[SourceVersion "1"]
[SourceVersionDate "2013.11.20"]
[SourceQuality "1"]
[WhiteTeam "Sastamala VammSK"]
[BlackTeam "Espoo MatSK II"]
[WhiteTeamCountry "FIN"]
[BlackTeamCountry "FIN"]

1. c4 c6 2. e4 d5 3. cxd5 cxd5 4. exd5 Nf6 5. Bb5+ Nbd7 6. Nc3 g6 7. Nf3 a6 8. Bxd7+ Bxd7 9. Qb3 Qc7 10. 0-0 Bg7 11. Re1 0-0 12. Rxe7 Rfe8 13. d6 Rxe7 14. dxc7 Rae8 15. Qd1 Bg4 16. c8Q Rxc8 17. d4 Bxf3 18. gxf3 1-0

[Event "FIN-chT 1213"]
[Site "Finland"]
[Date "2013.01.13"]
[Round "9.5"]
[White "Fieandt, John"]
[Black "Kauko, Jussi Matti"]
[Result "1/2-1/2"]
[WhiteElo "2159"]
[BlackElo "2268"]
[PlyCount "59"]
[EventDate "2012.09.28"]
[EventType "team-tourn"]
[EventRounds "11"]
[EventCountry "FIN"]
[SourceTitle "EXT 2014"]
[Source "ChessBase"]
[SourceDate "2013.11.20"]
[SourceVersion "1"]
[SourceVersionDate "2013.11.20"]
[SourceQuality "1"]
[WhiteTeam "Helsinki HSK"]
[BlackTeam "Sastamala VammSK"]
[WhiteTeamCountry "FIN"]
[BlackTeamCountry "FIN"]

1. e4 c5 2. Nf3 e6 3. d4 cxd4 4. Nxd4 a6 5. Nc3 Qc7 6. Bd3 Bc5 7. Nb3 Be7 8. Qg4 g6 9. f4 f5 10. exf5 Nf6 11. Qe2 gxf5 12. Be3 Nc6 13. a3 b5 14. 0-0-0 Bb7 15. Kb1 Rg8 16. Rhe1 Na5 17. g3 0-0-0 18. Nxa5 Qxa5 19. Bd2 b4 20. Na2 Nd5 21. Nxb4 Bxb4 22. Bxb4 Qb6 23. Qd2 Rde8 24. Ba5 Qc6 25. c4 Nf6 26. Re5 Ng4 27. Re2 Kb8 28. Bc3 Qb6 29. Ka1 Bf3 30. Rde1 1/2-1/2

[Event "FIN-chT 1213"]
[Site "Finland"]
[Date "2012.10.27"]
[Round "4.5"]
[White "Salo, Heikki"]
[Black "Kauko, Jussi Matti"]
[Result "1/2-1/2"]
[WhiteElo "2267"]
[BlackElo "2268"]
[PlyCount "95"]
[EventDate "2012.09.28"]
[EventType "team-tourn"]
[EventRounds "11"]
[EventCountry "FIN"]
[SourceTitle "EXT 2013"]
[Source "ChessBase"]
[SourceDate "2012.11.22"]
[SourceVersion "1"]
[SourceVersionDate "2012.11.22"]
[SourceQuality "1"]
[WhiteTeam "Vantaa"]
[BlackTeam "Sastamala VammSK"]
[WhiteTeamCountry "FIN"]
[BlackTeamCountry "FIN"]

1. d4 Nf6 2. c4 c5 3. d5 e6 4. Nc3 exd5 5. cxd5 d6 6. e4 g6 7. Bd3 a6 8. a4 Bg7 9. Nge2 0-0 10. 0-0 Re8 11. h3 Nbd7 12. Ng3 Rb8 13. f4 Qc7 14. a5 b5 15. axb6 Rxb6 16. Kh1 c4 17. Bc2 Nc5 18. Ra2 Qb8 19. Qf3 Nfd7 20. Nd1 Nb3 21. Be3 Nd4 22. Qf2 Nxc2 23. Qxc2 Rb4 24. Ne2 Nf6 25. Ndc3 Nxe4 26. Nxe4 Bf5 27. N2g3 Bxe4 28. Nxe4 c3 29. bxc3 Rbxe4 30. Bg1 Qb5 31. Rf3 Qxd5 32. Rxa6 Re1 33. Kh2 g5 34. Bf2 R1e2 35. Qa4 Qd2 36. Ra8 Rf8 37. Rxf8+ Bxf8 38. Qd4 Bg7 39. Qxd2 Rxd2 40. fxg5 d5 41. Bc5 Be5+ 42. Kg1 Kg7 43. Be7 d4 44. Bf6+ Bxf6 45. gxf6+ Kg6 46. cxd4 Rxd4 47. Kf2 h5 48. g3 1/2-1/2

[Event "FIN Team Cup"]
[Site "Finland"]
[Date "2011.04.02"]
[Round "1.2"]
[White "Kauko, Jussi Matti"]
[Black "Lehtinen, Heikki"]
[Result "0-1"]
[WhiteElo "2294"]
[BlackElo "2398"]
[PlyCount "78"]
[EventDate "2011.03.26"]
[EventType "team-k.o."]
[EventRounds "5"]
[EventCountry "FIN"]
[SourceTitle "EXT 2022"]
[Source "ChessBase"]
[SourceDate "2021.10.06"]
[SourceVersion "1"]
[SourceVersionDate "2021.10.06"]
[SourceQuality "1"]
[WhiteTeam "Vammala SK"]
[BlackTeam "Tampere Tammer"]
[WhiteTeamCountry "FIN"]
[BlackTeamCountry "FIN"]

1. c4 e5 2. Nc3 g6 3. g3 Bg7 4. Bg2 Ne7 5. d3 0-0 6. e4 c6 7. Nge2 a6 8. Be3 b5 9. Qd2 d6 10. Bh6 Bxh6 11. Qxh6 Be6 12. h4 f6 13. b3 Nd7 14. Rd1 Nb6 15. 0-0 b4 16. Nb1 a5 17. d4 Qc7 18. Qe3 c5 19. d5 Bd7 20. f4 Bg4 21. fxe5 fxe5 22. Nd2 Kg7 23. Nf3 Ng8 24. Nh2 Bd7 25. h5 Rae8 26. Rde1 Qd8 27. hxg6 hxg6 28. Nf3 Nf6 29. Ng5 Rh8 30. Bf3 Ref8 31. Kg2 Nh7 32. Nxh7 Rxh7 33. Rh1 Rfh8 34. Rxh7+ Rxh7 35. Rh1 Rxh1 36. Kxh1 Qh8+ 37. Kg1 Qh6 38. Qxh6+ Kxh6 39. Kf2 a4 0-1